000
00297nam a22001217a 4500
040
_c
FIZZA ISHAQ
082
_a
624.1834
_b
ISC
100
_a
AKGOEL, I.C SYAL.
_9
85081
245
_a
REINFORCOD CONCRETE /
_c
I.C SYAL AKGOEL.
260
_a
NEW DEHLI :
_c
2004.
300
_a
720 P. ;
942
_2
ddc
_c
BK
999
_c
586876
_d
586876